MARC

LEADER 00000nam0a2200000 4500
001 304391
005 20231102001709.0
020 |a RU  |b 83-34292 
035 |a (RuTPU)RU\TPU\book\329638 
090 |a 304391 
100 |a 20150914d1983 m y0rusy5003 ca 
101 0 |a rus 
102 |a RU 
105 |a y j 001zy 
200 1 |a Единицы физических величин в электронике  |e учебное пособие  |f Г. Д. Глебов 
210 |a Москва  |c Высшая школа  |d 1983 
215 |a 87 с. 
225 1 |a Профтехобразование. Электроника 
320 |a Библиогр.: с. 86 
606 |a Электроника физическая  |x (электроника)  |2 stltpush  |3 (RuTPU)RU\TPU\subj\68671  |9 83861 
610 1 |a единицы 
610 1 |a международная система единиц 
610 1 |a применение 
610 1 |a физические величины 
610 1 |a учебные пособия 
675 |a 621.38(075.32)  |v 3 
700 1 |a Глебов  |b Г. Д.  |g Геральд Дмитриевич 
801 0 |a RU  |b RuMRKP  |c 19950704  |g psbo 
801 1 |a RU  |b 63413507  |c 20150914 
801 2 |a RU  |b 63413507  |c 20220616  |g RCR 
942 |c BK